Architectural hardware specifications handbook (Record no. 34749)

MARC details
000 -LEADER
fixed length control field 00621nam a2200181 a 4500
008 - FIXED-LENGTH DATA ELEMENTS--GENERAL INFORMATION
fixed length control field 120416s1971 ||||||||||||||||| || u
020 ## - INTERNATIONAL STANDARD BOOK NUMBER
International Standard Book Number 0801955653
050 ## - LIBRARY OF CONGRESS CALL NUMBER
Classification number TH 2055 BRO
100 ## - MAIN ENTRY--PERSONAL NAME
Personal name Brownell, Adon H
245 10 - TITLE STATEMENT
Title Architectural hardware specifications handbook
246 ## - VARYING FORM OF TITLE
Title proper/short title Adon H. Brownnell
260 ## - PUBLICATION, DISTRIBUTION, ETC.
Place of publication, distribution, etc. Philadelphia
Name of publisher, distributor, etc. Chilton
Date of publication, distribution, etc. 1971
300 ## - PHYSICAL DESCRIPTION
Extent xv, 171p. : ill
350 ## - PRICE (NR) (BK AM CF MU VM SE) [OBSOLETE]
Price 0.00
650 ## - SUBJECT ADDED ENTRY--TOPICAL TERM
Topical term or geographic name entry element Hardware - Specifications
650 ## - SUBJECT ADDED ENTRY--TOPICAL TERM
Topical term or geographic name entry element BUILDING FITTINGS--SPECIFICATIONS
995 ## - RECOMMENDATION 995 [LOCAL, UNIMARC FRANCE]
-- 0.00
-- CBU-MAIN LIBRARY (Kitwe)
-- 1
-- 10.75
-- 1
-- REFERENCE
-- Reference Collection
Holdings
Withdrawn status Lost status Source of classification or shelving scheme Damaged status Not for loan Home library Current library Shelving location Date acquired Total Checkouts Full call number Barcode Date last seen Price effective from Koha item type
          CBU-MAIN LIBRARY, KITWE. CBU-MAIN LIBRARY, KITWE.   11/30/2022   TH 2055 BRO 023263 11/30/2022 11/30/2022 MONOGRAPH